000 00322nam a22001337a 4500
008 170508b xxu||||| |||| 00| 0 eng d
020 _a9780495095439
041 _aeng
080 _24TH
_a343.9
100 _a15
101 _aSHJ
245 _aCONSTITUTIONAL LAW AND CRIMINAL JUSTICE SYSTEM
_cHARR, J.S
942 _2udc
_cBK
999 _c12975
_d12975